Movimiento de Mujeres de Malpaisillo: el espinoso camino hacia la igualdad /
Kaydedildi:
| Yazar: | |
|---|---|
| Materyal Türü: | Metin |
| Etiketler: |
Etiketle
Etiket eklenmemiş, İlk siz ekleyin!
|
MARC
| LEADER | 00000 a a2200000 04500 | ||
|---|---|---|---|
| 001 | 46004 | ||
| 003 | |||
| 040 | |a CRAI/IIS |c CRAI/IIS | ||
| 100 | |a Cuadra, Scarlet | ||
| 245 | |a Movimiento de Mujeres de Malpaisillo: |b el espinoso camino hacia la igualdad / |c Scarlet Cuadra | ||
| 773 | |g volumen15, número385 (1995), páginas 17-24 | ||
| 999 | |c 18544 |d 18544 | ||
